01059nam a2200253 a 450000100060000000300090000600800410001502000180005604000280007408200190010210000230012124501100014426000410025430000100029549000230030550501560032865000350048465000400051965000320055970000440059194200120063599900170064795201410066424598CO-ViMGA141112s2004 ck r 000 u spa d a9789583023132 aCO-ViMGAbspacCO-ViMGA04aI808.813 I668q1 aInns, Chris93663310aQué animal puedo ser? / cilustraciones y texto de Chris Inns; traducido por Mariana Infante Villarroel aColombia : bPanAméricana , c2005 a12 p. aEspejito, espejito aCon fantásticos dibujos, alegres rimas y espejo incorporado, este libro les permite a los niños verse como cinco diferentes y adorables cachorritos14aAnimales en la literatura985314aCuentos infantiles ingleses 91588414aLibros para bebés 9309961 aInfante Villarroel, Mariana, tr.936634 2ddccBK c32418d32418 01102ddc44708008aMEVIECARbMEVIECARd2015-12-04h07/feb/2013l0oI808.813 I668q p25391r2015-12-04 00:00:00tEj. 1w2015-12-04yBK